| 000 | 00697nam a2200241Ia 4500 | ||
|---|---|---|---|
| 003 | OSt | ||
| 005 | 20220925203054.0 | ||
| 006 | a|||||r|||| 00| 0 | ||
| 007 | ta | ||
| 008 | 220923b |||||||| |||| 00| 0 eng d | ||
| 020 | _a0706922972 | ||
| 037 | _cGeneral Book | ||
| 040 |
_aRTL _cRTL _beng |
||
| 041 |
_2eng _aeng |
||
| 082 | _aX9(F182).2.N8, M3 | ||
| 100 |
_aSidhu S S _9264814 |
||
| 245 | 0 |
_aSteel industry in India _b Problems and perspective |
|
| 260 |
_aDelhi _bVikas India _c1983 |
||
| 300 |
_aix, 183p. Appendix p. 169-80 _ccm. |
||
| 650 | _aIron and Steel Industry | ||
| 942 |
_hX9(F182).2.N8, M3 _cGB _2CC |
||
| 999 |
_c545099 _d545099 |
||